Monopolio (Registro nro. 12005)
[ vista simple ]
| 000 -Cabecera | |
|---|---|
| Campo de control de longitud fija | 00433ari a2200145 4500 |
| 005 - Fecha y hora de la última transacción | |
| Campo de control | 20241004094544.0 |
| 008 - Elementos de longitud fija--Información general | |
| Campo de control de longitud fija | 150327b xxu||||| |||| 00| 0 spa d |
| 245 ## - Título propiamente dicho | |
| Título | Monopolio |
| 300 ## - Descripción física | |
| Otras características físicas | Un tablero de juego, 28 casas, 12 hoteles, 2 dados, 50 cartas de Chance, 50 cartas de Comunidad, 28 fichas de juego |
| 650 ## - Materia general | |
| Temática (materia general) | JUEGOS DE MESA |
| 650 ## - Materia general | |
| Temática (materia general) | MONOPOLIO |
| 650 ## - Materia general | |
| Temática (materia general) | AGILIDAD |
| 650 ## - Materia general | |
| Temática (materia general) | ENTRETENIMIENTO |
| 942 ## - Punto de acceso adicional KOHA | |
| Tipo de ítem KOHA | Juego de Mesa |
| Fuente del sistema de clasificación o colocación | Dewey Decimal Classification |
| Código de barras | Tipo de ítem |
|---|---|
| 01MONOPOLIO | Juego de Mesa |